[Event "Turnier 40 / 120"]
[Site "Wien"]
[Date "2022.04.08"]
[Round "42"]
[White "Tasc R30 V 2.5 Aktiv - ARM6 - 30 MHZ"]
[Black "Mephisto Genius 68030 Aktiv - 33 MHZ"]
[Result "0-1"]
[BlackElo "2252"]
[WhiteElo "2332"]

1. e4 c6 2. d4 d5 3. Nc3 dxe4 4. Nxe4 Nd7 5. Bc4 Ngf6 6. Nxf6+ {Buchende}
Nxf6 7. Nf3 e6 8. O-O {Tasc R30 V 2.5 wieder im Buch} Be7 9. Qe2 O-O 10. c3
b6 11. Bf4 Bb7 12. Rad1 {Buchende} Qc8 {Buchende} 13. Ng5 {Buchbewertung
Tasc R30 V 2.5: +0,75} Nd5 {Buchbewertung Mephisto Genius 68030: -0,39 /
lt. Stockfish steht Weiss knapp besser mit ca. +0,30} 14. Qd3 Bxg5 15. Bxg5
h6 16. Bh4 Nf4 17. Qe3 Ng6 18. Bg3 {die Stellung ist im Lot} c5? {ein
schwacher Zug, der Weiss bereits klar in Vorteil bringt, Stockfish +1,00
mit der Fortsetzung dxc5, nötig war La6 mit Ausgleich} 19. dxc5 Qxc5?
{deutlich besser ist Se7, nach dem Textzug steht Schwarz bereits auf
Verlust, Stockfish -2,00} 20. Qxc5 bxc5 21. Bd6? {deutlich stärker ist Td7,
Stockfish +0,80 für Weiss} Rfc8 22. Bd3 Nh4 23. f3 a5 {besser ist c4} 24.
b3 a4? {ein schwacher Zug, deutlich besser ist Sf5, nach dem Textzug ist
Weiss wieder ganz klar im Vorteil, Stockfish +1,50 mit der Fortsetzung b4}
25. b4 cxb4 26. cxb4 Nf5 27. Bxf5? {das ist natürlich kein guter Zug, der
den Gewinn extrem erschwert für Weiss, gibt das starke Läuferpaar auf und
ignoriert das Motiv des ungleichen Läufers, danach ist Weiss nur noch knapp
im Vorteil mit ca. +0,30} exf5 28. b5 Rc2 {besser ist Ta5} 29. Rf2 Rac8
{besser ist Txf2, Weiss ist trotz ungleicher Läufer wieder klar im Vorteil,
Stockfish +1,00} 30. Re1 {deutlich besser ist Txc2, Stockfish +0,30 für
Weiss} Rc1 31. Re2 R8c2 {besser ist g5, Stockfish +0,70 für Weiss} 32. Re8+
{besser ist a3, Stockfish +0,20 für Weiss} Kh7 33. a3 Kg6 34. Rxc1 {etwas
besser ist h4, nach dem Textzug ist die Stellung exakt im Lot, Stockfish
0,00} Rxc1+ 35. Kf2 Rd1 36. Bc7 Rd2+ 37. Kg3 Rb2 38. b6 f4+ 39. Kxf4 Rxg2
40. Rb8 Bc6 41. Rd8 f6 42. h4 {besser ist Ke3, nach dem Textzug ist Schwarz
etwas im Vorteil mit ca. +0,80 mit der Fortsetzung Tb2} Rb2 43. Ke3?
{deutlich schwächer als Ld6, danach ist Schwarz bereits klar mit Vorteil,
Stockfish +2,00 mit der Fortsetzung Tb3+} Rb3+ 44. Rd3 Kh5 {Schwarz ist
bereits entscheidend im Vorteil, Stockfish +3,50} 45. Rxb3? {der Favorit
bewertet diese Stellung wahrscheinlich aufgrund seines weit vorgerückten
B-Bauern völlig falsch, +1,20 / besser war noch Lg3, nach dem Textzug ist
praktisch nichts mehr zu retten für Weiss, Stockfish -5,00} axb3 {auch
Genius 68030 sieht sich noch etwas im Nachteil, -0,33} 46. Kd3 Kxh4 47. Kc3
Bxf3 48. a4 g5 49. a5 Bb7 50. Kxb3 f5 51. Bd6 f4 52. Kc3 {an dieser Stelle
erstmals in der Partie eine negative Berwertung des Favoriten: -0,61 zuvor
hatte er sich durchwegs noch im Vorteil gesehen / Stockfish -19,00} f3
{Genius 68030: +2,15} 53. Kd2 {Tasc R30 sieht den Verlust: -2,37} Kh3
{Genius 68030: +4,51} 54. Ke1 {Tasc R30: -7,35, jetzt ist alles vorbei.}
Kg2 55. Bc5 g4 {Rest geschenkt} 0-1
[/pgn]
[pgn]

[Event "Turnier 40 / 120"]
[Site "Wien"]
[Date "2022.04.09"]
[Round "43"]
[White "Mephisto Genius 68030 Aktiv - 33 MHZ"]
[Black "Tasc R30 V 2.5 Aktiv - ARM6 - 30 MHZ"]
[Result "0-1"]
[BlackElo "2332"]
[WhiteElo "2252"]

1. d4 d5 2. c4 dxc4 3. Nf3 Nf6 4. e3 e6 5. Bxc4 c5 6. Qe2 a6 7. O-O b5 8.
Bb3 Bb7 9. a4 Nbd7 {Buchende} 10. Rd1 Be7 {Buchbewertung Tasc R30 V 2.5:
+0,15} 11. dxc5 {Buchende} Bxc5 12. Ne5 {Buchbewertung Genius 68030: -0,09
/ lt. Stockfish ist die Stellung etwa gleich} b4 13. Nxd7 Nxd7 14. Nd2 Qc7
15. Qg4? {ein ganz schwacher Zug, danach steht Schwarz bereits klar besser,
Stockfish +1,80 mit der Fortsetzung Se5, nötig war Sc4 mit nur geringem
Vorteil für Schwarz} O-O {etwas schwächer als Se5, Schwarz steht aber klar
besser, Stockfish +1,50 für Schwarz} 16. Ne4? {deutlich besser ist Sc4,
nach dem Textzug ist die Partie bereits verloren für Weiss, Stockfish +2,40
für Schwarz mit der Fortsetzung Le7} Ne5 {gleichwertig mit Le7, die Partie
ist verloren für Weiss Stockfish +2,50 für Schwarz, allerdings muss man
sagen verloren nach Massstab von Stockfish schwächer Engines sehen das auch
noch nicht so klar, z.B. Rybka bewertet im 20. HZ erst mit +0,50 für
Schwarz} 17. Qf4 Be7 18. Rd4 Rac8 19. Bd2 Rfd8 20. Rxd8+? {der nächste ganz
schwache Zug, damit ist bereits alles vorbei, Stockfish +4,50 für Schwarz,
mehr Widerstand bot noch Sg5 mit ca. +2,50 für Schwarz, aber auch danach
steht Weiss schon auf Verlust} Rxd8 21. Rc1 Qb8 22. Rc2 h6! {der richtige
Zug, Schwarz ist auf Kurs zum Sieg, Stockfish +5,00} 23. f3? {ein schwacher
Zug jagt den anderen, die Leistung des Aussenseiters in dieser Partie ist
einfach unwürdig, nochmals um ganze 3 Bauerneinheiten schlechter als h4,
Stockfish +8,00 für Schwarz mit der Fortsetzung g5} a5? {um 3
Bauerneinheiten schwächer als g5, aber Schwarz steht klar auf Gewinn,
Stockfish +5,00} 24. h4 {besser ist Sf2, Stockfish +6,00 für Schwarz} Bd5
{besser ist Lxe4, aber es spielt wohl keine Rolle mehr, Stockfish +5,00 für
Schwarz} 25. Bxd5 Rxd5 26. Be1 Rd1 27. Re2 Rc1 {besser ist Dc7, aber
Schwarz kann sich diese kleine Ungenauigkeit locker leisten, Stockfish
+4,50} 28. Kf1 Qc7 29. h5 f5 30. Nf2 {Stockfish +7,00 für Schwarz} b3! {der
richtige Zug, Schwarz ist auf Kurs} 31. Qd4 Bc5 32. Qf4 Qd6 33. g3 Kh7 34.
g4 Rc2 {Stockfish +11,00 für Schwarz} 35. Bd2 Rxd2 36. Rxd2 Qxd2 37. Qxe5
Bxe3 {Stockfish Matt in 16} 38. Qg3 Qc1+ 39. Kg2 f4 40. Qh2 {Genius 68030:
-11,0 ------> Aufgabe !! / eine ganz schwache Vorstellung des Aussenseiters
der hier weitgehend orientierungslos agierte und völlig chancenlos
unterging, fairerweise muss man aber auch die wirklich starke
Angriffsleistung des Favoriten loben !!!} 0-1
[/pgn]
[pgn]

[Event "Turnier 40 / 120"]
[Site "Wien"]
[Date "2022.04.10"]
[Round "44"]
[White "Tasc R30 V 2.5 Aktiv - ARM6 - 30 MHZ"]
[Black "Mephisto Genius 68030 Aktiv - 33 MHZ"]
[Result "0-1"]
[BlackElo "2252"]
[WhiteElo "2332"]

1. e4 e5 2. Nf3 Nf6 3. Nxe5 d6 4. Nf3 Nxe4 5. Qe2 Qe7 6. d3 Nf6 7. Bg5
{Buchende} Qxe2+ 8. Bxe2 {Buchbewertung Tasc R30 V 2.5: +0,02} Be7 9. Nc3
c6 10. O-O Na6 {Buchende} 11. d4 Nc7 {Buchbewertung Genius 68030: -0,24 /
lt. Stockfish ist die Stellung exakt ausgeglichen 0,00} 12. Rfe1 d5 {Genius
68030 wieder im Buch} 13. Bd3 Ne6 {Buchende} 14. Bh4 O-O 15. Rad1 Bd6
{weniger gut, lässt sich einen hässlichen Doppelbauern andrehen, Stockfish
+0,50 für Weiss, nach Te8 wäre die Stellung exakt im Lot gewesen} 16. Bxf6
gxf6 17. Ne2 Ng7 18. c4 {etwas besser ist Sh4, die Stellung ist wieder im
Lot} dxc4 19. Bxc4 Bg4 20. Nc3 Bxf3 21. gxf3 Rfc8 22. Ne4 Ne8 23. Kh1 Kf8
24. Nc5 Rc7 25. Bd3 h5 26. Bf5 {besser ist Se4, nach dem Textzug ist
Schwarz etwas im Vorteil, Stockfish +0,80 mit der Fortsetzung Td8} Rd8 27.
Kg2 Be7 28. Nb3 Bb4 29. Re3 Ng7 30. Bc2 Ne6 31. Kh1 Bd6 32. Bf5 Ng7 33. Bh3
f5 34. Bf1 {deutlich besser ist Ted3, nach dem Textzug ist Schwarz schon
klar im Vorteil mit ca. +1,70} Bf4 35. Rc3 Ke7 36. Bd3 {besser ist Sc5,
Stockfish +2,30 für Schwarz} Kf6 37. Rc5 Re7 38. Ra5 {besser ist noch d5,
hier summieren sich mehrere kleinere Ungenauigkeiten bereits zu einer klar
verlorenen Stellung für Weiss, Stockfish +3,30 mit der Fortsetzung a6} a6
39. Rg1 {nochmals klar schwächer als Ta4, Stockfish +4,00 mit der
Fortsetzung Lc7} Bc7 40. Ra4 Ne6 41. Rd1 Nf4 {besser ist h4, Stockfish
+3,00 für Schwarz} 42. Bf1 Bd6 43. Rc4 Nd5 44. Nc5 b5? {nicht ideal,
deutlich besser ist Lb8, Stockfish +2,00 für Schwarz} 45. Rcc1 {besser ist
Tc2, Stockfish +2,70 für Schwarz mit der Fortsetzung Lxc5} Bf4? {ein ganz
schwacher Zug, der einen Grossteil des Vorteils verspielt, Stockfish "nur"
noch +1,00 für Schwarz} 46. Rc2 Nb4 47. Re2 Rxe2 48. Bxe2 Nxa2 49. Nd3?
{ein ganz schwacher Zug, der Schwarz wieder deutlich in Vorteil bringt,
Stockfish +2,00 mit der Fortsetzung Txd4, nach Sxa6 wäre Schwarz mit nur
ca. +0,70 im Vorteil gewesen} Rxd4 50. Nxf4? {das ist bereits ein absoluter
Verlustzug, danach ist die Partie klar verloren, Stockfish +4,00 für
Schwarz, deutlich mehr Widerstand bot Ta1} Rxf4 51. Rd6+ Ke5 52. Rxc6 Nb4
53. Rh6 Rd4 54. b3 {deutlich besser ist noch Txh5, Stockfish +5,00 mit der
Fortsetzung h4} Rd2 55. f4+ Kxf4 56. Bxh5 Kg5 57. Rh7 f6 58. Kg1 Nd3 59.
h4+ Kxh4 60. Be2+ Kg5 61. Rd7 Rxe2 62. Rxd3 {Stockfish +8,00 für Schwarz}
f4 63. Rd4 Rb2 64. Rd3 b4 65. Kg2 Kg4 66. Kf1 f3 67. Kg1 f5 68. Rd6 a5 69.
Rd3 Rc2 70. Rd6 Rc3 71. Rg6+ Kf4 72. Ra6 Rc1+ 73. Kh2 Rf1 74. Rxa5
{Stockfish Matt in 22} Rxf2+ 75. Kg1 Rb2 76. Ra7 Rxb3 {Userentscheid: 0-1,
eine insgesamt schwache Partie des Favoriten in der er seinem Konkurrenten
deutlich unterlegen war und letztlich chancenlos verliert.} 0-1
[/pgn]
[pgn]

[Event "Turnier 40 / 120"]
[Site "Wien"]
[Date "2022.04.11"]
[Round "45"]
[White "Mephisto Genius 68030 Aktiv - 33 MHZ"]
[Black "Tasc R30 V 2.5 Aktiv - ARM6 - 30 MHZ"]
[Result "0-1"]
[BlackElo "2332"]
[WhiteElo "2252"]

1. e4 e6 2. d4 d5 3. Nd2 Nf6 4. e5 Ne4 5. Nxe4 dxe4 {Buchende} 6. Bc4
{Buchende} c5 {Buchbewertung Tasc R30 V 2.5: -0,47, kein idealer Zug, Weiss
steht bereits klar besser mit ca. +1,50 mit der Fortsetzung d5, besser ist
Dd7 mit ca. +1,00 für Weiss} 7. d5 {Buchbewertung Mephisto Genius 68030:
+0,36} a6 8. Bb3? {verspielt auf einen Schlag den gesamten Vorteil,
Stockfish 0,00, nötig war a4 mit klarem Vorteil für Weiss mit ca. +1,50} b5
9. c4 {besser ist c3, nach dem Textzug ist Schwarz bereits im Vorteil,
Stockfish +0,60 mit der Fortsetzung Lb7} exd5 {etwas schwächer als Lb7, die
Stellung ist wieder im Lot, Stockfish 0,00} 10. cxd5 Bb7 {etwas schwächer
als Sd7, danch ist Weiss wieder leicht im Vorteil mit ca. +0,70 mit der
Fortsetzung d6} 11. d6 c4 12. Bc2 Qa5+? {dieses Schachgebot bringt gar
nichts für Schwarz, deutlich besser ist Sd7, Stockfish +2,00 für Weiss mit
der Fortsetzung Kf1} 13. Bd2 {besser ist Kf1, aber kein Vorwurf an dieser
Stelle, ich hätte sicher auch Ld2 gespielt, der Tasc R30 hatte allerdings
den stärkeren Zug Kf1 erwartet !, Stockfish +1,00 für Weiss} b4? {ein
schwacher Zug, der Weiss klar in Vorteil bringt, Stockfish +2,20 mit der
Fortsetzung Tc1, deutlich besser ist c3 mit ca. +1,00 für Weiss} 14. Ba4+?
{ein ganz schwacher Zug, der wiederum den gesamten Vorteil auf einen Schlag
verspielt, die Stellung ist im Lot mit der Fortsetzung Lc6} Bc6 15. Bxc6+
Nxc6 16. e6? {der nächste ganz schwache Zug, damit die Partie praktisch
schon verloren für Weiss, Stockfish +2,00 für Schwarz, nötig war d7+ mit
Ausgleich} fxe6 {gleichwertig mit Lxd6, Stockfish +2,00 für Schwarz, die
Partie ist verloren für Weiss} 17. d7+ Kxd7? {deutlich besser ist Kf7,
Stockfish +1,20 für Schwarz} 18. Bxb4+ Qd5 19. Bc3? {ein absoluter
Verlustzug, damit ist die Partie sofort verloren, Stockfish +5,00 für
Schwarz mit der Fortsetzung Sb4, nötig war Lxf8 und Kampf wäre noch möglich
(auch der Tasc R30 hätte diesen spielentscheidenden Fehler gemacht)} Bc5?
{doch der Favorit lässt diesen sofortigen Gewinn liegen, um ganze 4
Bauerneinheiten schlechter als Sb4, Stockfish nur noch +1,00 für Schwarz}
20. Qg4? {doch der Aussseiter macht gleich darauf den nächsten absoluten
Verlustzug, Stockfish +5,50 für Schwarz mit der Fortsetzung Sb4, nötig war
Sh3 (das hatte der Tasc R30 erwartet)} Rhf8? {verpasst den sofortigen
Gewinn, Schwarz steht dennoch klar auf Gewinn Stockfish +2,80} 21. Qxg7+
Kc8 22. Nh3? {besser ist noch Td1, die Partie ist verloren für Weiss,
Stockfish -3,70 mit der Fortsetzung Ta7} Qd3 {klar schwächer als Ta7,
Schwarz bleibt aber deutlich im Vorteil, Stockfish +2,20} 23. Qg5 Rf5 24.
Qg8+ {ein absoluter Verlustzug, nur Td1 oder Dd2 hätten noch etwas
Widerstand geboten, Stockfish +7,00 für Schwarz} Kb7! {natürlich der
richtige Zug, damit ist alles gelaufen, Stockfish +8,00 für Schwarz.} 25.
Qxh7+ Kb6 26. Qh6 e3 {Stockfish Matt in 12, Rest geschenkt, Eine ganz
schwache Partie des Aussenseiters, der damit endgültig alle Hoffnungen für
diesen Wettkampf begräbt.} 0-1
[/pgn]
[pgn]

[Event "Turnier 40 / 120"]
[Site "Wien"]
[Date "2022.04.11"]
[Round "46"]
[White "Tasc R30 V 2.5 Aktiv - ARM6 - 30 MHZ"]
[Black "Mephisto Genius 68030 Aktiv - 33 MHZ"]
[Result "1-0"]
[BlackElo "2252"]
[WhiteElo "2332"]

1. c4 e5 2. Nc3 Nf6 3. Nf3 Nc6 4. e3 {Buchende} Be7 5. d4 {Buchbewertung
Tasc R30 V 2.5: +0,20} exd4 {Buchende} 6. exd4 Bb4? {Buchbewertung Genius
68030: -0,24, gleich der erste berechnete Zug ist ganz schwach und bringt
Weiss schon in Vorteil Stockfish +0,80 für Weiss, nötig war natürlich das
naheliegende d5 und die Stellung wäre exakt im Lot gewesen.} 7. d5 {na klar
dieser Vorstoss musste verhindert werden, Schwarz steht meiner Meinung nach
bereits ganz schlecht, obwohl Stockfish das mit nur -0,80 bewertet} Bxc3+
8. bxc3 Ne7 9. Bd3 {besser ist Lg5, Stockfish nur noch +0,30 für Weiss} O-O
10. O-O d6 11. Rb1 h6 12. Re1 b6 13. Nd4 Bd7 14. Qc2 Bc8? {was ist das für
ein sinnloser Zug ?, der Läufer kehrt zurück an seinen Ausgangspunkt, was
soll das bitte bringen, das wird wohl das Geheimnis des Genius bleiben,
Stockfish +1,10 für Weiss mit der Fortsetzung h3, deutlich besser ist c5
mit nur geringem Vorteil für Weiss} 15. Re3 Bb7? {ein absurder Zug, damit
ist bereits alles verloren für Schwarz, was soll der Angriff auf den Punkt
d5 ?, dort ist der Läufer blockiert und bringt gar nichts im Spiel, er
gehört wieder nach d7, Stockfish +5,00 für Weiss mit der Fortsetzung Tf3
und Schwarz kann aufgeben, nötig war entweder Kh8 oder Ld7} 16. Rg3 Kh8 {an
dieser Stelle gewinnt bereits Lxh6 !, Stockfish +6,00 für Weiss} 17. Ba3?
{ein ganz schwacher Zug, der Schwarz wieder Chancen einräumt, Stockfish nur
noch +0,80 für Weiss} Re8 18. Re3? {besser ist h3, damit verspielt Weiss
jeglichen Vorteil, Stockfish 0,00 mit der Fortsetzung Sg4} Ng4 19. Ree1 Ne5
20. Be2 N7g6 21. g3 Qg5 22. Kh1 Ng4 23. f4 Qh5 24. Bf3 Rac8? {der nächste
völlig daneben geratene Zug, der die Partie sofort verliert, also hier
nicht zu sehen, dass Dg2, gefolgt von h3 sofort verliert, das ist schon
fast grotesk, Stockfish +4,00 für Weiss, nötig war natürlich Dh3, um die
lästige Fesslungs des Springers g4 aufzuheben, also die Leistung des
Aussenseiters in dieser Partie ist wahrlich unterirdisch} 25. Qg2 {diesmal
nützt der Favorit die gebotene Chance, damit ist die Partie gelaufen} Rxe1+
26. Rxe1 Ba6 27. h3 {Sorry, dass ich diese Partie nicht zu Ende spiele,
aber hier habe ich genug gesehen, das macht keinen Sinn mehr an dieser
Stelle, Userentscheid: 1-0, eine Katastrophenpartie des Aussenseiters, der
damit den Wettkampf verliert !!!} 1-0
[/pgn]
[pgn]

[Event "Turnier 40 / 120"]
[Site "Wien"]
[Date "2022.04.12"]
[Round "47"]
[White "Mephisto Genius 68030 Aktiv - 33 MHZ"]
[Black "Tasc R30 V 2.5 Aktiv - ARM6 - 30 MHZ"]
[Result "1-0"]
[BlackElo "2332"]
[WhiteElo "2252"]

1. d4 f5 2. g3 Nf6 3. Bg2 g6 4. Nf3 Bg7 5. c4 O-O 6. O-O d6 7. Nc3 Qe8
{Buchende} 8. b3 Nc6 {Buchbewertung Tasc R30 V 2.5: -0,70} 9. Ba3 e6 10. e3
{Buchbewertung Mephisto Genius 68030: +0,57 / ich probiere in dieser Partie
mal die neue Engine Komodo 12 statt Stockfish 13 zur Analyse, das war ein
Vorschlag von Roberto, den ich jetzt mal probiere / lt. Komodo 12 steht
Weiss etwas besser mit ca. +0,50} b6 11. Nb5 Qd7 12. Ng5 a6 13. Nc3 Bb7 14.
d5 Nd8 15. dxe6 Qe8? {ein absoluter Verlustzug, danach ist die Partie
sofort verloren, Komodo +2,70 für Weiss mit der Fortsetzung Sd5, nötig war
De7 mit nur geringem Vorteil für Weiss} 16. Bxb7 {deutlich schwächer als
Sd5, aber Weiss steht klar besser, Komodo +1,80} Nxb7 17. Bb2? {ein
schwacher Zug, immer noch war Sd5 klar vorzuziehen, Komodo nur noch +1,00
für Weiss} c6 18. Na4 Rb8 19. Nxb6 h6 20. Nh3 Nc5 21. Nd7 Ncxd7 22. exd7
Qxd7 23. Nf4 g5 24. Ng2 Ne4 25. Bxg7 Kxg7 26. Qd4+ Nf6 27. Rad1 d5 {ein
schwacher Zug, deutlich besser ist Tbd8 Komodo +1,60 für Weiss} 28. cxd5
cxd5 29. Rc1 Rfc8 30. Rxc8 Rxc8 31. Ne1 a5 32. Qb6 Qc7 33. Qe6 Qd7 34.
Qxd7+? {ein schlechter Tausch für Weiss, um eine ganze Bauerneinheit
schwächer als Da6, Komodo nur noch +1,00 für Weiss} Nxd7 35. Nf3 Kf6 36.
Rd1 g4 37. Nd4 Nf8 {besser ist Ke5, Komodo +1,60 für Weiss} 38. Rd2 Ne6 39.
Rc2 Rxc2 40. Nxc2 Ke5 41. b4 axb4 42. Nxb4 Nc5 43. Nc6+ Kd6 44. Nd4 Ke5 45.
Kf1 Na4 46. Nb5 Ke4 47. Ke2 {Weiss steht klar besser, Komodo +2,50} h5 48.
Ke1 Ke5 49. a3 Nc5 50. Nd4 Nd3+ 51. Ke2 Nc5 52. f4+ Kf6? {besser ist noch
gxf3ep, verliert aber auch schon, Komodo +6,00 für Weiss mit der
Fortsetzung Kd2} 53. Nb5 Ke6 54. Kd2 Na4 55. Kd3 Nc5+ 56. Kc3 Ne4+ 57. Kb4
Nd2 58. Nd4+ Kf6 59. a4 h4 60. gxh4 Ke7 61. a5 {Weiss hat auf beiden
Brettseiten weit entfernte Freibauern, da ist nichts mehr zu retten für
Schwarz, Userentscheid: 1-0} 1-0
[/pgn]
[pgn]

[Event "Turnier 40 / 120"]
[Site "Wien"]
[Date "2022.04.13"]
[Round "48"]
[White "Tasc R30 V 2.5 Aktiv - ARM6 - 30 MHZ"]
[Black "Mephisto Genius 68030 Aktiv - 33 MHZ"]
[Result "0-1"]
[BlackElo "2252"]
[WhiteElo "2332"]

1. d4 d5 2. c4 dxc4 3. e4 e5 4. Nf3 Bb4+ 5. Bd2 Bxd2+ 6. Qxd2 exd4 7. Qxd4
Nf6 8. Qxd8+ Kxd8 9. Nc3 Be6 10. Nd4 Nbd7 {Buchende} 11. O-O-O {Buchende}
Ke7 {Buchbewertung Mephisto Genius 68030: -0,12} 12. Nxe6 {Buchbewertung
Tasc R30 V 2.5: +0,26 / lt. Komodo steht Schwarz knapp besser mit ca.
+0,30} fxe6 13. Bxc4 Ng4 14. Rhf1? {ein schwacher Zug, der Schwarz klar in
Vorteil bringt, Komodo +1,50 mit der Fortsetzung Taf8, deutlich besser ist
Td2 mit nur geringem Vorteil für Schwarz} Raf8 15. h3 Nxf2 16. Rd2 Ne5 17.
Be2 {etwas besser ist Tdxf2, Komodo +1,80 für Schwarz mit der Fortsetzung
Tf7} Rf7 18. Kc2 Rhf8 19. Re1 c5 20. b3 Rf4 21. Bc4 Nxc4 {deutlich
schwächer als T4f6, Komodo +1,20 für Schwarz} 22. bxc4 b6 23. a4 g5 24. Re3
g4 25. h4 Rd8 26. Rxd8 Kxd8 27. h5 Ke7 28. Kd2 Nh1 29. Nb5? {ein ganz
schwacher Zug, der die Partie praktisch schon verliert, Komodo +2,80 mit
der Fortsetzung Tf2+, deutlich besser ist Te1 mit ca. +1,00 für Schwarz} a6
{klar schwächer als Tf2+, aber Schwarz steht klar besser, Komodo +2,00} 30.
Nc3 Kf6 31. a5 {besser ist Sd1, Komodo +2,60 für Schwarz} bxa5 32. Na4 Rf2+
{die Stellung ist schon klar verloren für Weiss, Komodo -3,40} 33. Re2
Rxe2+ 34. Kxe2 Ng3+ 35. Ke3 Nxh5 36. Nxc5 e5! {stark gespielt, die beste
Fortsetzung, Komodo +5,00 für Schwarz} 37. Nxa6 Nf4 38. g3 Nh5 39. Kf2
{besser ist noch c5, spielt aber keine Rolle mehr, Komodo +10,00 für
Schwarz} a4 40. c5 a3 41. Nb4 Ke7 42. Nc6+ Kd7 43. Nb4 h6 44. Nc2 a2 45.
Na1 Kc6 46. Nb3 Kb5 47. c6 Kxc6 48. Ke2 Nxg3+ {Komodo Matt in 15, Rest
geschenkt} 0-1
[/pgn]
[pgn]